000 00293nam a22001457a 4500
003 SGT
082 _a611
_bA15D
100 _aDARKE,RICHARRD L.
245 _aANATOMY FOR STUDENTS
250 _a3RD
260 _aDELHI
_bELSEVIER
_c2015
300 _a1161
650 _aANATOMY
942 _2ddc
_cBK
999 _c8513
_d8513